000 00652nam a2200241Ia 4500
008 180523s9999 xx 000 0 und d
020 _a0-07-123266-4
050 _aMAIN HF 5548.32
050 _b.R39 2004
100 _aRayport, Jeffrey F.
245 0 _aIntroduction to e-commerce /
245 0 _cJeffrey F. Rayport, Bernard J. Jaworski.
250 _a2nd Edition
260 _aNew York :
260 _bMcGraw-Hill,
260 _c2004
300 _a516 pages :
300 _billustrations ;
300 _c25 cm.
440 _aThe McGraw-Hill/Irwin series in marketing
500 _aIncludes index.
650 _aElectronic commerce.
999 _c357133
_d357133